000 00869nam a2200337 a 4500
003 AR-BaBNM
005 20251128210330.0
008 082120s2002 ||||||||||||||000 | spa||
020 _a84-7506-445-0
040 _cAR-BaBNM
100 1 _aValdés, Alfonso de
245 0 0 _aObra completa de Alfonso de Valdés
260 _aMadrid
_bTurner Libros
_c1996
300 _ali, 599 p.
490 0 _aBiblioteca Castro
_vv. 7
650 4 _aFILOSOFIA LITERARIA
650 4 _aETICA
650 4 _aFILOSOFIA POLITICA
650 4 _aETICA POLITICA
650 4 _aVALORES SOCIALES
650 4 _aRELIGION
650 4 _aTEOLOGIA
651 4 _aEspaña
653 _aFILOSOFIA MORAL
653 _aGENERO EPISTOLAR
655 _aLITERATURA
700 1 _aAlcalá, Angel
_eprologuista
800 1 _aArroyo Stephens, Manuel
_eeditor
942 _cBK
998 _cMARTIN
999 _c14995
_d14995